[Event "Bhubaneswar op 16th"]
[Site "Bhubaneswar"]
[Date "2025.05.13"]
[Round "7"]
[White "Laxman, Rajaram"]
[Black "Kolla, Bhaavan"]
[Result "1/2-1/2"]
[WhiteElo "2275"]
[BlackElo "1966"]
[PlyCount "114"]
[EventDate "2025.05.09"]
[EventType "swiss"]
[EventRounds "10"]
[EventCountry "IND"]
[SourceTitle "CB21_2025"]
[SourceDate "2025.05.21"]
[SourceVersion "1"]
[SourceVersionDate "2025.05.21"]
[SourceQuality "1"]

1. d4 d5 2. Nf3 Nf6 3. c4 e6 4. g3 Bb4+ 5. Bd2 Be7 6. Bg2 0-0 7. Qc2 c6 8. 0-0 Nbd7 9. b3 b6 10. Bc3 Ne4 11. Bb2 Bb7 12. Ne5 f5 13. cxd5 Nxe5 14. d6 Bxd6 15. dxe5 Bc5 16. Na3 Bxa3 17. Bxa3 c5 18. Rad1 Qc7 19. Bc1 c4 20. Ba3 Rfc8 21. bxc4 b5 22. c5 Bd5 23. Qb2 Rab8 24. Qd4 Qa5 25. Qb4 Qc7 26. Qd4 Qa5 27. Bb4 Qa4 28. f3 Ng5 29. a3 a5 30. Bc3 Qxa3 31. Rc1 Qxc5 32. Qxc5 Rxc5 33. Bxa5 Bc4 34. Bb4 Rd5 35. h4 Nf7 36. f4 Rd7 37. Bf3 Rbd8 38. Ba5 Rb8 39. Bb4 g6 40. Rfd1 Rbd8 41. Rxd7 Rxd7 42. Ra1 Bd5 43. Bxd5 Rxd5 44. Be7 Rd7 45. Ra8+ Kg7 46. Bf6+ Kh6 47. Rb8 Kh5 48. Rxb5 Nh6 49. Rb6 Ng4 50. Rxe6 Rd1+ 51. Kg2 Re1 52. Ra6 Rxe2+ 53. Kf1 Re3 54. Bd8 Rxg3 55. e6 Re3 56. Bg5 h6 57. Bd8 Re4 1/2-1/2

[Event "Bhubaneswar op 16th"]
[Site "Bhubaneswar"]
[Date "2025.05.12"]
[Round "5"]
[White "Kolla, Bhaavan"]
[Black "Priyanshu, Das"]
[Result "1-0"]
[WhiteElo "1966"]
[BlackElo "1793"]
[PlyCount "147"]
[EventDate "2025.05.09"]
[EventType "swiss"]
[EventRounds "10"]
[EventCountry "IND"]
[SourceTitle "CB21_2025"]
[SourceDate "2025.05.21"]
[SourceVersion "1"]
[SourceVersionDate "2025.05.21"]
[SourceQuality "1"]

1. e4 c6 2. Nf3 d5 3. Nc3 Bg4 4. h3 Bxf3 5. Qxf3 e6 6. d4 g6 7. Be3 Bg7 8. 0-0-0 Nd7 9. Re1 Ne7 10. g4 0-0 11. exd5 Nxd5 12. Nxd5 cxd5 13. Bd3 Qa5 14. a3 e5 15. Bd2 Qa4 16. Qxd5 Qxd4 17. Qxd4 exd4 18. Re7 Nc5 19. Bc4 Rac8 20. Rhe1 a6 21. b4 b5 22. bxc5 bxc4 23. Ra7 c3 24. Bf4 Rfd8 25. Bd6 Bf8 26. Bxf8 Rxf8 27. Re5 Rc6 28. Rd7 Rfc8 29. Rxd4 Rxc5 30. Rxc5 Rxc5 31. Rd3 f5 32. g5 Rc4 33. Kd1 h6 34. Rd6 hxg5 35. Rxg6+ Kf7 36. Rxg5 Rd4+ 37. Ke1 Ra4 38. Rxf5+ Kg6 39. Rc5 Rxa3 40. Ke2 Ra1 41. Rxc3 a5 42. Kd3 a4 43. Kc4 Rb1 44. Ra3 Rf1 45. f3 Rf2 46. c3 Rxf3 47. Rxa4 Rxh3 48. Ra5 Kf6 49. Rd5 Ke6 50. Rd8 Ke7 51. Rd4 Rh8 52. Kb5 Rb8+ 53. Ka5 Ke6 54. c4 Ke5 55. Rd5+ Ke4 56. Rd7 Rc8 57. Kb5 Rb8+ 58. Kc5 Rc8+ 59. Kb4 Rb8+ 60. Kc3 Ke5 61. c5 Rh8 62. Kc4 Ke6 63. c6 Rh5 64. Rd8 Rh1 65. Kc5 Rc1+ 66. Kb6 Rb1+ 67. Ka6 Rc1 68. Kb7 Rb1+ 69. Kc8 Rc1 70. c7 Ke7 71. Rd2 Rc3 72. Re2+ Kf7 73. Rb2 Ke7 74. Kb8 1-0

[Event "IND-chT 44th"]
[Site "Ahmedabad"]
[Date "2025.03.08"]
[Round "5.3"]
[White "Aronyak, Ghosh"]
[Black "Kolla, Bhaavan"]
[Result "1-0"]
[WhiteElo "2530"]
[BlackElo "2047"]
[PlyCount "77"]
[EventDate "2025.03.05"]
[EventType "team-swiss"]
[EventRounds "9"]
[EventCountry "IND"]
[SourceTitle "CB12_2025"]
[SourceDate "2025.03.19"]
[SourceVersion "1"]
[SourceVersionDate "2025.03.19"]
[SourceQuality "1"]
[WhiteTeam "Railway Sport PB"]
[BlackTeam "Andhra Pradesh"]
[WhiteTeamCountry "IND"]
[BlackTeamCountry "IND"]

1. d4 d5 2. c4 e6 3. Nc3 Nf6 4. cxd5 exd5 5. Bg5 c6 6. e3 Be7 7. Bd3 h6 8. Bf4 0-0 9. Nf3 Bd6 10. Qc2 Re8 11. 0-0 Qe7 12. Rae1 Nbd7 13. h3 a6 14. Re2 Nf8 15. Rfe1 Ne6 16. Qd2 Bb4 17. Qc2 Bd6 18. a3 Bd7 19. Be5 Ng5 20. Nxg5 hxg5 21. f4 g4 22. Bf5 Nh5 23. Bxg4 Bxg4 24. hxg4 Ng3 25. Rf2 Qh4 26. Rf3 Bxe5 27. dxe5 Qxg4 28. Qf2 Nf5 29. Ne2 Re6 30. Rh3 Rg6 31. Kh2 Rh6 32. Nd4 Re8 33. Rg1 Rh5 34. Nxf5 Rxf5 35. Qh4 Qxh4 36. Rxh4 g5 37. Rh5 Kg7 38. g4 Kg6 39. Rh3 1-0

[Event "IND-chT 44th"]
[Site "Ahmedabad"]
[Date "2025.03.07"]
[Round "4.3"]
[White "Kolla, Bhaavan"]
[Black "Dinesh, Rajan M"]
[Result "1/2-1/2"]
[WhiteElo "2047"]
[BlackElo "2157"]
[PlyCount "60"]
[EventDate "2025.03.05"]
[EventType "team-swiss"]
[EventRounds "9"]
[EventCountry "IND"]
[SourceTitle "CB12_2025"]
[SourceDate "2025.03.19"]
[SourceVersion "1"]
[SourceVersionDate "2025.03.19"]
[SourceQuality "1"]
[WhiteTeam "Andhra Pradesh"]
[BlackTeam "Tamil Nadu"]
[WhiteTeamCountry "IND"]
[BlackTeamCountry "IND"]

1. e4 c5 2. Nf3 e6 3. b3 a6 4. c4 d5 5. exd5 exd5 6. cxd5 Be7 7. Nc3 Nf6 8. Bb2 0-0 9. a4 Nxd5 10. Nxd5 Qxd5 11. Bc4 Qe4+ 12. Qe2 Qxe2+ 13. Kxe2 Nc6 14. Ne5 Bf6 15. Nxc6 Bxb2 16. Ne7+ Kh8 17. Nxc8 Raxc8 18. Rae1 Rcd8 19. Kd1 Bc3 20. Re2 Rd7 21. Kc2 Ba5 22. Rhe1 g6 23. Bd3 Kg7 24. Re8 Bb4 25. Rxf8 Kxf8 26. Re2 Rd8 27. Re1 Rd7 28. Re2 Rd8 29. Re1 Rd7 30. Re2 Rd8 1/2-1/2

[Event "IND-chT 44th"]
[Site "Ahmedabad"]
[Date "2025.03.06"]
[Round "2.3"]
[White "Kolla, Bhaavan"]
[Black "Aditya, P Melani"]
[Result "1-0"]
[WhiteElo "2047"]
[BlackElo "1942"]
[PlyCount "73"]
[EventDate "2025.03.05"]
[EventType "team-swiss"]
[EventRounds "9"]
[EventCountry "IND"]
[SourceTitle "CB12_2025"]
[SourceDate "2025.03.19"]
[SourceVersion "1"]
[SourceVersionDate "2025.03.19"]
[SourceQuality "1"]
[WhiteTeam "Andhra Pradesh"]
[BlackTeam "Gujarat V"]
[WhiteTeamCountry "IND"]
[BlackTeamCountry "IND"]

1. e4 c5 2. Nf3 Nc6 3. d4 cxd4 4. Nxd4 Nf6 5. Nc3 e6 6. Be2 Bb4 7. 0-0 d6 8. Nxc6 bxc6 9. Qd3 0-0 10. Bg5 h6 11. Bh4 e5 12. Rad1 a5 13. Na4 d5 14. c4 Bd7 15. Bxf6 Qxf6 16. c5 Qe7 17. Qc2 f5 18. a3 fxe4 19. axb4 axb4 20. Nb6 Rad8 21. Nxd7 Rxd7 22. Rc1 Ra7 23. Qd2 Rb8 24. Qe3 Ra2 25. Qb3 Ra5 26. Qc2 Qg5 27. Ra1 Rba8 28. Rad1 Qe7 29. Rc1 Qg5 30. g3 Kh8 31. Kg2 Ra2 32. h4 Qf6 33. Qb3 Qf8 34. f3 Qf5 35. Qxb4 d4 36. fxe4 Qg6 37. Rf5 1-0

[Event "Chennai op 15th"]
[Site "Chennai"]
[Date "2025.01.03"]
[Round "3"]
[White "Mrithyunjay, Mahadevan"]
[Black "Kolla, Bhaavan"]
[Result "0-1"]
[WhiteElo "2345"]
[BlackElo "1946"]
[PlyCount "72"]
[EventDate "2025.01.02"]
[EventType "swiss"]
[EventRounds "10"]
[EventCountry "IND"]
[SourceTitle "CB03_2025"]
[SourceDate "2025.01.15"]
[SourceVersion "1"]
[SourceVersionDate "2025.01.15"]
[SourceQuality "1"]

1. Nf3 d5 2. e3 Nf6 3. b3 Bg4 4. h3 Bh5 5. Bb2 e6 6. g4 Bg6 7. Ne5 Nbd7 8. Nxg6 hxg6 9. Qf3 Bd6 10. Nc3 c6 11. Qg2 g5 12. Ne2 e5 13. a4 Qe7 14. 0-0-0 Ba3 15. d4 exd4 16. Nxd4 Ne4 17. f3 Nc3 18. Rd3 Qb4 19. Bxa3 Qxa3+ 20. Kd2 Nb1+ 21. Ke1 Ne5 22. Kf2 0-0-0 23. Rd1 Nc3 24. Re1 Rhe8 25. Kg3 Qd6 26. Nf5 Qf6 27. Qd2 g6 28. Qxc3 gxf5 29. Bd3 fxg4 30. f4 d4 31. exd4 Qxf4+ 32. Kg2 Qf3+ 33. Kg1 Qg3+ 34. Kf1 Nxd3 35. cxd3 gxh3 36. Rg1 Qf3# 0-1

[Event "Manikyanagar Chanchal Dad Memorial"]
[Site "Manikyanagar"]
[Date "2024.07.25"]
[Round "4"]
[White "Kolla, Bhaavan"]
[Black "P L, Sharma"]
[Result "1-0"]
[WhiteElo "1971"]
[BlackElo "1776"]
[PlyCount "49"]
[EventDate "2024.07.24"]
[EventType "swiss"]
[EventRounds "9"]
[EventCountry "IND"]
[SourceTitle "EXT 2025"]
[Source "ChessBase"]
[SourceDate "2024.10.14"]
[SourceVersion "1"]
[SourceVersionDate "2024.10.14"]
[SourceQuality "1"]

1. e4 b6 2. d4 Bb7 3. Bd3 d6 4. Nf3 Nd7 5. Bf4 Ngf6 6. Nc3 g6 7. Qd2 Bg7 8. 0-0-0 0-0 9. h4 c5 10. d5 h5 11. Bh6 Bxh6 12. Qxh6 Ng4 13. Qd2 Kg7 14. Ng5 Nde5 15. f3 Nxd3+ 16. cxd3 Ne5 17. g4 Rh8 18. gxh5 Rxh5 19. f4 Ng4 20. Rdg1 Bc8 21. Qe2 f6 22. Ne6+ Bxe6 23. dxe6 f5 24. exf5 gxf5 25. Rxg4+ 1-0

[Event "Bhopal Unicorn op 1st"]
[Site "Bhopal"]
[Date "2024.07.16"]
[Round "7"]
[White "Majhi, Fakir"]
[Black "Kolla, Bhaavan"]
[Result "0-1"]
[WhiteElo "1858"]
[BlackElo "1971"]
[PlyCount "82"]
[EventDate "2024.07.13"]
[EventType "swiss"]
[EventRounds "9"]
[EventCountry "IND"]
[SourceTitle "CBM 221 Extra"]
[Source "ChessBase"]
[SourceDate "2024.09.30"]
[SourceVersion "1"]
[SourceVersionDate "2024.09.30"]
[SourceQuality "1"]

1. d4 Nf6 2. Nf3 c5 3. d5 e6 4. c4 exd5 5. cxd5 d6 6. Nc3 g6 7. g3 Bg7 8. Bg2 0-0 9. 0-0 Re8 10. Nd2 a6 11. a4 Nbd7 12. Nc4 Ne5 13. Na3 Nh5 14. h3 f5 15. Rb1 Bd7 16. Bd2 f4 17. Bxf4 Nxf4 18. gxf4 Nf7 19. Nc4 b5 20. axb5 axb5 21. Nd2 Qh4 22. e3 b4 23. Nce4 Bxh3 24. Bxh3 Qxh3 25. f3 g5 26. fxg5 Qf5 27. Qe2 Nxg5 28. Qg2 Nf7 29. Nc4 Rad8 30. Ra1 Kh8 31. Ra7 Rg8 32. Kh1 Be5 33. Nxe5 dxe5 34. Ng3 Qg6 35. e4 Rd6 36. Rg1 Ng5 37. Rf1 Nf7 38. Qh2 Qxg3 39. Qxg3 Rxg3 40. Ra8+ Kg7 41. Kh2 Rg5 0-1

[Event "Bhopal Unicorn op 1st"]
[Site "Bhopal"]
[Date "2024.07.15"]
[Round "6"]
[White "Kolla, Bhaavan"]
[Black "Bhanushali, Neemay"]
[Result "1-0"]
[WhiteElo "1971"]
[BlackElo "1772"]
[PlyCount "91"]
[EventDate "2024.07.13"]
[EventType "swiss"]
[EventRounds "9"]
[EventCountry "IND"]
[SourceTitle "CBM 221 Extra"]
[Source "ChessBase"]
[SourceDate "2024.09.30"]
[SourceVersion "1"]
[SourceVersionDate "2024.09.30"]
[SourceQuality "1"]

1. e4 e5 2. Nc3 Nc6 3. Bc4 Nf6 4. d3 Bb4 5. Bg5 d6 6. Nge2 Be6 7. 0-0 Qd7 8. Bxf6 gxf6 9. Nd5 Bxd5 10. Bxd5 0-0-0 11. c3 Bc5 12. b4 Bb6 13. Ng3 Rdg8 14. Qf3 Rg6 15. Qf5 Nd8 16. a4 c6 17. Bc4 Rhg8 18. Kh1 Qxf5 19. Nxf5 Kd7 20. g3 Ne6 21. a5 Bc7 22. d4 Rf8 23. d5 Ng7 24. dxc6+ bxc6 25. Ne3 h5 26. b5 Ne6 27. Rfb1 cxb5 28. Bxb5+ Kd8 29. Bc6 Nc5 30. Rb2 h4 31. Nd5 hxg3 32. Rab1 Na6 33. hxg3 Rh8+ 34. Kg2 Rgh6 35. Rb7 Rh2+ 36. Kf3 f5 37. Rxc7 fxe4+ 38. Ke3 f5 39. Rd7+ Ke8 40. Nf6+ Kf8 41. Rbb7 f4+ 42. Ke2 Rxf2+ 43. Kxf2 e3+ 44. Kf3 e4+ 45. Kxf4 Rh4+ 46. gxh4 1-0

[Event "Bhopal Unicorn op 1st"]
[Site "Bhopal"]
[Date "2024.07.14"]
[Round "3"]
[White "Vedant, Bhardwaj"]
[Black "Kolla, Bhaavan"]
[Result "0-1"]
[WhiteElo "1758"]
[BlackElo "1971"]
[PlyCount "66"]
[EventDate "2024.07.13"]
[EventType "swiss"]
[EventRounds "9"]
[EventCountry "IND"]
[SourceTitle "CBM 221 Extra"]
[Source "ChessBase"]
[SourceDate "2024.09.30"]
[SourceVersion "1"]
[SourceVersionDate "2024.09.30"]
[SourceQuality "1"]

1. e4 c6 2. d4 d5 3. exd5 cxd5 4. Bd3 Nc6 5. c3 Nf6 6. Nf3 Bg4 7. Bf4 e6 8. Nbd2 Bd6 9. Bg3 Bxg3 10. hxg3 Qc7 11. Qa4 0-0 12. 0-0 Bh5 13. Rfe1 Nd7 14. Ng5 Bg6 15. Bxg6 hxg6 16. f4 a6 17. Ndf3 b5 18. Qc2 Nf6 19. Qe2 b4 20. Nxe6 fxe6 21. Qxe6+ Rf7 22. Ng5 Nd8 23. Qe5 Qd7 24. cxb4 Nc6 25. Qe3 Re7 26. Qd2 Rae8 27. a3 Ne4 28. Nxe4 Rxe4 29. Rxe4 Rxe4 30. Rc1 Nxd4 31. Rc5 Qe6 32. Qd3 g5 33. fxg5 Qf5 0-1

[Event "Pune Rapid op 12th"]
[Site "Pune"]
[Date "2024.05.23"]
[Round "7"]
[White "Kolla, Bhaavan"]
[Black "Arpith, S Bijoy"]
[Result "1/2-1/2"]
[WhiteElo "1783"]
[BlackElo "2141"]
[PlyCount "196"]
[EventDate "2024.05.23"]
[EventType "swiss (rapid)"]
[EventRounds "9"]
[EventCountry "IND"]
[SourceTitle "CBM 220 Extra"]
[Source "ChessBase"]
[SourceDate "2024.07.31"]
[SourceVersion "1"]
[SourceVersionDate "2024.07.31"]
[SourceQuality "1"]

1. e4 c6 2. d4 d5 3. e5 Bf5 4. Nd2 e6 5. Nb3 h6 6. Nf3 Nd7 7. Be2 g5 8. 0-0 g4 9. Ne1 h5 10. Bd3 Ne7 11. Bg5 Bxd3 12. Nxd3 Rg8 13. f4 Qc7 14. Bxe7 Bxe7 15. f5 Bg5 16. fxe6 fxe6 17. Nbc5 Nxc5 18. Nxc5 Qe7 19. Qe2 0-0-0 20. b4 Rdf8 21. a4 b6 22. Nd3 Rxf1+ 23. Rxf1 Rf8 24. Rxf8+ Qxf8 25. Qf2 Qf5 26. Qxf5 exf5 27. g3 h4 28. Nf4 h3 29. Kf2 Kd7 30. c3 a6 31. Ke3 Bh6 32. Kf2 Bf8 33. Ng6 Bh6 34. Nf4 Kc8 35. Ke3 Bg5 36. Kf2 Kd7 37. Ke3 c5 38. Kf2 Kc6 39. Ke3 Kc7 40. Kf2 Kd7 41. Ke3 Kc6 42. Kf2 Be7 43. b5+ axb5 44. axb5+ Kxb5 45. Nxd5 Bg5 46. e6 Kc6 47. e7 Kd7 48. Nxb6+ Kxe7 49. dxc5 Bh6 50. c4 Ke6 51. Nd5 Bg7 52. c6 Bd4+ 53. Kf1 Bc5 54. c7 Kd7 55. c8Q+ Kxc8 56. Nf4 Kd7 57. Ng6 Kd6 58. Nh4 Ke5 59. Ng6+ Ke4 60. Nh4 Be7 61. Ng6 Bf6 62. Nf4 Kd4 63. c5 Kxc5 64. Ne6+ Kd5 65. Nf4+ Ke4 66. Ne2 Be5 67. Kf2 Bd6 68. Nc3+ Kd3 69. Ne2 Bc5+ 70. Kf1 Ke3 71. Nc1 Ba7 72. Ne2 Kf3 73. Ng1+ Ke3 74. Ne2 Bb8 75. Nc3 Kd3 76. Ne2 Ba7 77. Nf4+ Ke4 78. Ne2 Bb8 79. Kf2 Ba7+ 80. Kf1 Be3 81. Nc3+ Kf3 82. Ne2 f4 83. Nxf4 Bf2 84. Ne2 Bc5 85. Ng1+ Ke3 86. Ne2 Bd6 87. Nc3 Be5 88. Ne2 Kd2 89. Kf2 Kd3 90. Nf4+ Ke4 91. Ne2 Bg7 92. Kf1 Ke3 93. Nf4 Bd4 94. Ne2 Be5 95. Nc1 Bxg3 96. hxg3 Kf3 97. Kg1 Kxg3 98. Nd3 Kf3 1/2-1/2

[Event "Chennai op 14th"]
[Site "Chennai"]
[Date "2024.01.02"]
[Round "4"]
[White "Khusenkhojaev, Muhammad"]
[Black "Kolla, Bhaavan"]
[Result "1-0"]
[WhiteElo "2366"]
[BlackElo "1917"]
[PlyCount "169"]
[EventDate "2023.12.31"]
[EventType "swiss"]
[EventRounds "10"]
[EventCountry "IND"]
[SourceTitle "CBM 218 Extra"]
[Source "ChessBase"]
[SourceDate "2024.03.31"]
[SourceVersion "1"]
[SourceVersionDate "2024.03.31"]
[SourceQuality "1"]

1. d4 Nf6 2. c4 e6 3. g3 c5 4. d5 exd5 5. cxd5 d6 6. Nc3 g6 7. Bg2 Bg7 8. Nf3 0-0 9. 0-0 Re8 10. Nd2 a6 11. a4 Nbd7 12. h3 Rb8 13. Nc4 Ne5 14. Na3 Nh5 15. e4 Bd7 16. a5 Qxa5 17. g4 Nf6 18. f4 Nexg4 19. hxg4 Nxg4 20. f5 h5 21. Bg5 Qb4 22. Qd2 Qd4+ 23. Kh1 Qxd2 24. Bxd2 b5 25. fxg6 fxg6 26. Nd1 Ne5 27. Bf4 Rf8 28. Nc2 Rb6 29. Bxe5 Rxf1+ 30. Bxf1 Bxe5 31. Nce3 Bc8 32. Rc1 Bd7 33. Rc2 a5 34. Nf2 Bd4 35. Ned1 a4 36. Bh3 Bxh3 37. Nxh3 b4 38. Nf4 b3 39. Rg2 c4 40. Ne2 Be5 41. Nec3 Ra6 42. Nb1 Rb6 43. Na3 Rb4 44. Rxg6+ Kf7 45. Re6 Bxb2 46. Nxb2 c3 47. e5 cxb2 48. exd6 Rb7 49. Kg2 b1Q 50. Nxb1 b2 51. Re2 Rb6 52. Re7+ Kf8 53. Re6 Rb7 54. Re4 Rd7 55. Re6 Rb7 56. Re2 Kf7 57. Kf2 Kf6 58. Re6+ Kf7 59. Re4 Rd7 60. Re6 Rb7 61. Re2 Rb5 62. Re5 Rb6 63. Re7+ Kf6 64. Re6+ Kf7 65. d7 Rb8 66. Re2 Rd8 67. Rxb2 Rxd7 68. Rb5 Kf6 69. Ke3 Ke5 70. Nc3 Ra7 71. Rb2 a3 72. Ra2 Ra5 73. Kd3 h4 74. Kc4 Ra8 75. Re2+ Kd6 76. Ne4+ Kc7 77. Kb3 h3 78. Ka2 Re8 79. Rc2+ Kd8 80. Nd6 Re3 81. Nb7+ Kd7 82. d6 h2 83. Rxh2 Kc6 84. Rd2 Rh3 85. d7 1-0

[Event "IND-ch 60th"]
[Site "Pune"]
[Date "2023.08.22"]
[Round "7"]
[White "Akash, G."]
[Black "Kolla, Bhaavan"]
[Result "1-0"]
[WhiteElo "2456"]
[BlackElo "1727"]
[PlyCount "89"]
[EventDate "2023.08.16"]
[EventType "swiss"]
[EventRounds "11"]
[EventCountry "IND"]
[SourceTitle "CBM 216 Extra"]
[Source "ChessBase"]
[SourceDate "2023.11.30"]
[SourceVersion "1"]
[SourceVersionDate "2023.11.30"]
[SourceQuality "1"]

1. e4 c6 2. Nc3 d5 3. Nf3 dxe4 4. Nxe4 Nf6 5. Qe2 Nxe4 6. Qxe4 Nd7 7. Bc4 Nf6 8. Ne5 e6 9. Qe2 b5 10. Bd3 Qc7 11. a4 bxa4 12. Rxa4 Bd6 13. Nc4 Nd5 14. Nxd6+ Qxd6 15. Qf3 f5 16. 0-0 e5 17. Qh5+ g6 18. Qh6 e4 19. Re1 Qf8 20. Qxf8+ Kxf8 21. Bf1 Kf7 22. f3 Nb6 23. Ra5 exf3 24. gxf3 Be6 25. b3 Rhd8 26. d3 Rd5 27. Ra6 Bc8 28. Ra2 a5 29. Be3 Nd7 30. Bd2 c5 31. Rea1 Bb7 32. Rxa5 Re8 33. Ra7 Bc6 34. R1a6 Kg8 35. Bc3 Bb5 36. Ra5 Bc6 37. Rc7 Rd6 38. Ra6 Nb8 39. Rb6 Rde6 40. Rg7+ Kf8 41. Rxh7 Kg8 42. Rh8+ Kf7 43. Rxb8 Rxb8 44. Rxb8 Bxf3 45. d4 1-0

[Event "Bhubaneswar op-A 14th"]
[Site "Bhubaneswar"]
[Date "2023.06.11"]
[Round "1"]
[White "Savchenko, Boris"]
[Black "Kolla, Bhaavan"]
[Result "1-0"]
[WhiteElo "2524"]
[BlackElo "1755"]
[PlyCount "59"]
[EventDate "2023.06.11"]
[EventType "swiss"]
[EventRounds "10"]
[EventCountry "IND"]
[SourceTitle "CBM 214 Extra"]
[Source "ChessBase"]
[SourceDate "2023.07.31"]
[SourceVersion "1"]
[SourceVersionDate "2023.07.31"]
[SourceQuality "1"]

1. d4 Nf6 2. Nf3 g6 3. Bf4 Bg7 4. c3 0-0 5. Nbd2 d6 6. h3 c5 7. dxc5 dxc5 8. e4 b6 9. a4 Bb7 10. Qb1 Qc8 11. a5 Nxe4 12. Nxe4 Qf5 13. Nxc5 Qxb1+ 14. Rxb1 bxc5 15. Bc4 Nd7 16. 0-0 Bxf3 17. gxf3 Ne5 18. Be2 Rfd8 19. Be3 Rac8 20. Rfd1 Rxd1+ 21. Rxd1 Bf6 22. Rd5 Rb8 23. f4 Nc6 24. Rxc5 Rxb2 25. Rxc6 Rxe2 26. a6 Ra2 27. Bxa7 Bxc3 28. Bc5 Kg7 29. a7 Bb4 30. Bd4+ 1-0